000 01212nam a2200301 a 4500
999 _c456238
_d456238
003 BLK
005 20250604150031.0
008 180409b bul|||||r ||||||| ||bul||
010 _aKNG00134620000
020 _a9786190210337
040 _aBLK
041 _aBUL
_cBUL
072 7 _2bullib
_aН83
_xЧужда художествена литература Н
080 _aФренска литература
_b821.133.1
_x-31
_z821.133.1-31
100 1 _aГунел, Лоран
_eпърви автор
_9377933
139 _aГунел, Лоран
_bГ 92
245 1 0 _aПробуждането
_cЛоран Гунел ; прев. от фр. Росица Ташева
257 _aBGR
260 _aСофия
_bКолибри
_c2022
_f([София] : Дедракс)
300 _a141 с.
_c20 см
380 _aX
500 _aОриг. загл.: Le réveil / Laurent Gounelle. - Биогр. данни за авт.
700 _aТашева, Росица Борисова
_d1946 -
_gПреводач от френски и английски език.
_9366084
852 _aЦб 313888
_bЦб
942 _cKNG
_n0
_046
_s1
944 _k30560
_lГеновева Генчева
999 _d456238